[Event "Muensterland Verbandsklasse-A 0506"]
[Site "Germany"]
[Date "2006.04.08"]
[Round "8.6"]
[White "Wigger, Reiner"]
[Black "Bruener, Klaus"]
[Result "1/2-1/2"]
[WhiteElo "1943"]
[BlackElo "1760"]
[PlyCount "99"]
[EventDate "2005.09.03"]
[EventType "team"]
[EventRounds "9"]
[EventCountry "GER"]
[SourceTitle "EXT 2006"]
[Source "ChessBase"]
[SourceDate "2005.11.24"]
[SourceVersion "1"]
[SourceVersionDate "2005.11.24"]
[SourceQuality "1"]
[WhiteTeam "Muenster Indische Dame"]
[BlackTeam "Nienberge"]
[WhiteTeamCountry "GER"]
[BlackTeamCountry "GER"]

1. e4 e6 2. d4 d5 3. Bd3 dxe4 4. Bxe4 Nf6 5. Bf3 Be7 6. Ne2 0-0 7. 0-0 Nbd7 8. Nbc3 e5 9. Be3 exd4 10. Qxd4 Bc5 11. Qd2 Bxe3 12. Qxe3 Re8 13. Qf4 c6 14. Ng3 Ne5 15. Be4 Nxe4 16. Qxe4 Ng6 17. Rad1 Bd7 18. Qd4 Be6 19. Qc5 Qb6 20. Qxb6 axb6 21. a3 Rad8 22. Na4 b5 23. Nc5 Bc8 24. Nce4 Nf4 25. Rfe1 Nd5 26. Kf1 Kf8 27. Nc5 Rxe1+ 28. Kxe1 Re8+ 29. Kf1 b6 30. Nce4 Be6 31. Ng5 h6 32. Nxe6+ Rxe6 33. Re1 Rxe1+ 34. Kxe1 Nf4 35. Kf1 g6 36. Ne4 Ke7 37. g3 Nd5 38. Ke2 Ke6 39. Kd3 f5 40. Nd2 c5 41. c4 bxc4+ 42. Kxc4 Nc7 43. Nb1 Kd6 44. Nc3 Kc6 45. a4 g5 46. h3 Ne6 47. Nd5 f4 48. h4 fxg3 49. fxg3 gxh4 50. gxh4 1/2-1/2

[Event "Muensterland Verbandsklasse-A 0405"]
[Site "Muensterland"]
[Date "2005.04.23"]
[Round "9.6"]
[White "Robers, Frank"]
[Black "Bruener, Klaus"]
[Result "1/2-1/2"]
[WhiteElo "1767"]
[BlackElo "1799"]
[PlyCount "64"]
[EventDate "2004.09.11"]
[EventType "team"]
[EventRounds "9"]
[EventCountry "GER"]
[SourceTitle "EXT 2006"]
[Source "ChessBase"]
[SourceDate "2005.11.24"]
[SourceVersion "1"]
[SourceVersionDate "2005.11.24"]
[SourceQuality "1"]
[WhiteTeam "Gesch II"]
[BlackTeam "Nienberge"]
[WhiteTeamCountry "GER"]
[BlackTeamCountry "GER"]

1. e4 e6 2. Qe2 c5 3. f4 Nc6 4. Nf3 Be7 5. d3 Nf6 6. Nc3 d5 7. e5 Nd7 8. g3 0-0 9. Bg2 Nb6 10. 0-0 Bd7 11. Bd2 Rc8 12. Rae1 Nd4 13. Qd1 Nxf3+ 14. Rxf3 f5 15. exf6 Bxf6 16. Bh3 Re8 17. Bc1 e5 18. Bxd7 Qxd7 19. fxe5 Rxe5 20. Rxe5 Bxe5 21. Qf1 Bf6 22. Qg2 Re8 23. Bd2 a6 24. g4 Rf8 25. Bf4 g5 26. Bd2 h6 27. h4 Kg7 28. hxg5 hxg5 29. Rf5 Bd4+ 30. Kh2 Rxf5 31. gxf5 Qxf5 32. Bxg5 Kf7 1/2-1/2